[Event "Mindsports Open 5th"]
[Site "London"]
[Date "2025.08.16"]
[Round "5.26"]
[White "Bonn, Thomas"]
[Black "Kapechun, Mikhailo"]
[Result "1/2-1/2"]
[WhiteElo "2173"]
[BlackElo "1985"]
[PlyCount "118"]
[EventDate "2025.08.13"]
[EventType "swiss"]
[EventRounds "9"]
[EventCountry "ENG"]
[SourceTitle "BritBase"]
[Source "John Saunders"]
[SourceDate "2025.08.18"]
[SourceVersion "1"]
[SourceVersionDate "2025.08.18"]
[SourceQuality "1"]

1. e4 c5 2. Nf3 Nc6 3. d4 cxd4 4. Nxd4 Nf6 5. Nc3 d6 6. Bg5 e6 7. Qd2 a6 8. f3 Nxd4 9. Qxd4 Be7 10. O-O-O b5 11. Kb1 Bb7 12. h4 Rc8 13. Qd2 h6 14. Be3 d5 15. e5 Nd7 16. Bd4 Bxh4 17. Qf4 Be7 18. Qg3 g6 19. Bd3 b4 20. Ne2 Nc5 21. Bxc5 Rxc5 22. Nd4 Qb6 23. f4 Kd7 24. f5 gxf5 25. Qg7 Rf8 26. Rxh6 Qd8 27. g4 fxg4 28. Rf1 Qe8 29. Rh7 Rc8 30. Qxg4 Kc7 31. Qh5 Kb8 32. Rfxf7 Rxf7 33. Qxf7 Qxf7 34. Rxf7 Bh4 35. Nxe6 Bg3 36. Nf8 Bc6 37. Bxa6 Re8 38. e6 Bd6 39. Nd7+ Bxd7 40. Rxd7 Rxe6 41. c3 bxc3 42. bxc3 Be5 43. Rxd5 Bxc3 44. Bc4 Re7 45. Kc2 Be1 46. a4 Ka7 47. a5 Bb4 48. Kb3 Be1 49. Ka4 Bc3 50. Rd8 Bf6 51. Rd6 Bc3 52. Bd5 Be5 53. Rd8 Bb8 54. Kb5 Rc7 55. Rg8 Rc2 56. Rg7+ Bc7 57. Bc4 Kb8 58. Rf7 Bxa5 59. Rf8+ Kc7 1/2-1/2

[Event "Mindsports Open 5th"]
[Site "London"]
[Date "2025.08.16"]
[Round "5.27"]
[White "Roe, Simon J"]
[Black "Deepak Ambattu, Rithvik"]
[Result "0-1"]
[WhiteElo "2160"]
[BlackElo "1990"]
[PlyCount "66"]
[EventDate "2025.08.13"]
[EventType "swiss"]
[EventRounds "9"]
[EventCountry "ENG"]
[SourceTitle "BritBase"]
[Source "John Saunders"]
[SourceDate "2025.08.18"]
[SourceVersion "1"]
[SourceVersionDate "2025.08.18"]
[SourceQuality "1"]

1. c4 c5 2. Nf3 Nf6 3. Nc3 Nc6 4. e3 e6 5. d4 d5 6. a3 dxc4 7. Bxc4 a6 8. O-O cxd4 9. exd4 Be7 10. Re1 O-O 11. Bg5 h6 12. Bh4 b5 13. Bb3 Bb7 14. Bc2 Rc8 15. Qd3 g6 16. Rxe6 b4 17. Rxe7 Nxe7 18. Bxf6 bxc3 19. Re1 Re8 20. Bb3 Bxf3 21. gxf3 Qb6 22. Rxe7 Qxb3 23. Qe3 Qe6 24. Rxe6 Rxe6 25. Qxh6 Rxf6 26. bxc3 Rxc3 27. Qd2 Rcxf3 28. d5 Rxf2 29. Qa5 R2f5 30. Qd8+ Kg7 31. Kg2 Rg5+ 32. Kh3 Rff5 33. d6 Rg1 0-1

[Event "Mindsports Open 5th"]
[Site "London"]
[Date "2025.08.16"]
[Round "5.28"]
[White "Lishoy Gengis Paratazham, Dildarav"]
[Black "Mesropyan, Hayk"]
[Result "1/2-1/2"]
[WhiteElo "2093"]
[BlackElo "1972"]
[PlyCount "107"]
[EventDate "2025.08.13"]
[EventType "swiss"]
[EventRounds "9"]
[EventCountry "ENG"]
[SourceTitle "BritBase"]
[Source "John Saunders"]
[SourceDate "2025.08.18"]
[SourceVersion "1"]
[SourceVersionDate "2025.08.18"]
[SourceQuality "1"]

1. e4 e5 2. Nf3 Nc6 3. Bc4 Bc5 4. d3 Nf6 5. c3 O-O 6. O-O d6 7. Nbd2 Bb6 8. Re1 h6 9. Bb3 Re8 10. Nf1 Be6 11. Ng3 d5 12. Qe2 Qd7 13. Ba4 Ng4 14. Rf1 Qd6 15. h3 Nf6 16. Be3 Bd7 17. Bc2 d4 18. Bd2 a5 19. Nh4 dxc3 20. bxc3 Ne7 21. Qf3 c5 22. Rad1 Qc6 23. Ngf5 Nxf5 24. Nxf5 Bxf5 25. Qxf5 a4 26. Rb1 Bc7 27. Qf3 b5 28. Rfc1 Ba5 29. Qe2 Red8 30. Be1 c4 31. dxc4 bxc4 32. Rd1 Rxd1 33. Rxd1 Rb8 34. Rb1 Rxb1 35. Bxb1 Qb5 36. Bc2 a3 37. Bd1 Nd7 38. Bb3 Nb6 39. Bd1 Na4 40. Qg4 Nb6 41. Qe2 Qb2 42. Qd2 Kh7 43. Kf1 Qb1 44. Qc2 Qb5 45. Qe2 Nd7 46. Bb3 Nb6 47. Bd1 Qc6 48. Qf3 Kg8 49. Qf5 Nd7 50. Bg4 Nf6 51. Qxe5 Bc7 52. Qd4 Qxe4 53. Be2 Be5 54. Qxe4 1/2-1/2

[Event "Mindsports Open 5th"]
[Site "London"]
[Date "2025.08.16"]
[Round "5.29"]
[White "Zakarian, Dimitrios Levon"]
[Black "Zadvorny, Roman"]
[Result "1-0"]
[WhiteElo "2079"]
[BlackElo "1931"]
[PlyCount "75"]
[EventDate "2025.08.13"]
[EventType "swiss"]
[EventRounds "9"]
[EventCountry "ENG"]
[SourceTitle "BritBase"]
[Source "John Saunders"]
[SourceDate "2025.08.18"]
[SourceVersion "1"]
[SourceVersionDate "2025.08.18"]
[SourceQuality "1"]

1. d4 d6 2. Nf3 g6 3. c4 Bg7 4. g3 Na6 5. Bg2 c6 6. Nc3 e5 7. O-O Ne7 8. dxe5 dxe5 9. Qxd8+ Kxd8 10. Ng5 Ke8 11. Nge4 Nf5 12. g4 Nd4 13. Nd6+ Ke7 14. Nxc8+ Raxc8 15. e3 Ne6 16. b3 Nb4 17. Ba3 a5 18. Rad1 Rhd8 19. Ne4 f6 20. h4 Bf8 21. Bb2 Bg7 22. Bc3 b6 23. a3 Nd3 24. Rd2 Ndc5 25. Rxd8 Rxd8 26. Nxc5 Nxc5 27. b4 Na4 28. Be1 Nb2 29. bxa5 Nxc4 30. axb6 Kd7 31. Bb4 Bf8 32. Rd1+ Nd6 33. a4 Rb8 34. a5 f5 35. gxf5 gxf5 36. Bh3 Ke6 37. Bxd6 Bxd6 38. Bxf5+ 1-0

[Event "Mindsports Open 5th"]
[Site "London"]
[Date "2025.08.16"]
[Round "5.30"]
[White "Leong, Aiden"]
[Black "Choong, Han-Sen"]
[Result "0-1"]
[WhiteElo "2068"]
[BlackElo "1836"]
[PlyCount "76"]
[EventDate "2025.08.13"]
[EventType "swiss"]
[EventRounds "9"]
[EventCountry "ENG"]
[SourceTitle "BritBase"]
[Source "John Saunders"]
[SourceDate "2025.08.18"]
[SourceVersion "1"]
[SourceVersionDate "2025.08.18"]
[SourceQuality "1"]

1. d4 d5 2. Nf3 Nf6 3. c4 c6 4. Nc3 e6 5. g3 dxc4 6. Ne5 b5 7. Bg2 Qb6 8. O-O Bb7 9. b3 Bb4 10. Ne4 Nxe4 11. Bxe4 cxb3 12. Be3 bxa2 13. Qc2 Ke7 14. d5 c5 15. d6+ Ke8 16. Bxh7 Nd7 17. Nxf7 Qc6 18. f3 Kxf7 19. Qg6+ Kf8 20. Bh6 Bc3 21. Rfc1 Bf6 22. Rxa2 Qxd6 23. Rd2 Bd5 24. e4 gxh6 25. exd5 e5 26. Qb1 b4 27. Bf5 Ke7 28. Rdc2 Rac8 29. Qa2 Rc7 30. Be6 Rb8 31. Rc4 Nb6 32. Qc2 Rf8 33. Qh7+ Kd8 34. Qxh6 Nxc4 35. Rxc4 b3 36. Qe3 b2 37. Qe1 Rb7 38. Qb1 Qa6 0-1

[Event "Mindsports Open 5th"]
[Site "London"]
[Date "2025.08.16"]
[Round "5.31"]
[White "Sofronie, Vladimir"]
[Black "Wastney, Dylan"]
[Result "1/2-1/2"]
[WhiteElo "2313"]
[BlackElo "1981"]
[PlyCount "81"]
[EventDate "2025.08.13"]
[EventType "swiss"]
[EventRounds "9"]
[EventCountry "ENG"]
[SourceTitle "BritBase"]
[Source "John Saunders"]
[SourceDate "2025.08.18"]
[SourceVersion "1"]
[SourceVersionDate "2025.08.18"]
[SourceQuality "1"]

1. d4 Nf6 2. Bf4 d5 3. e3 e6 4. Nd2 c5 5. c3 Nc6 6. Ngf3 Bd6 7. Bg3 O-O 8. Bb5 a6 9. Bxc6 bxc6 10. Qa4 Bb7 11. Bxd6 Qxd6 12. Qa3 Nd7 13. Nb3 e5 14. Nxe5 Nxe5 15. dxe5 Qxe5 16. Qxc5 Qg5 17. O-O h5 18. Qd6 Rfe8 19. Nc5 Bc8 20. Rfd1 h4 21. Qxc6 Bf5 22. Qd6 Rac8 23. b4 Rxc5 24. bxc5 Be4 25. g3 Re5 26. f4 Qg4 27. Qd8+ Re8 28. Qxe8+ Kh7 29. Rxd5 Bxd5 30. e4 Qe2 31. Qd8 Qe3+ 32. Kf1 Bc4+ 33. Kg2 Qxe4+ 34. Kf2 hxg3+ 35. hxg3 Qe2+ 36. Kg1 Qe3+ 37. Kg2 Qe2+ 38. Kg1 Qe3+ 39. Kg2 Qe2+ 40. Kg1 Qe3+ 41. Kg2 1/2-1/2

[Event "Mindsports Open 5th"]
[Site "London"]
[Date "2025.08.16"]
[Round "5.32"]
[White "Bansal, Saahil"]
[Black "Pereslavtsev, Alexandr"]
[Result "1-0"]
[WhiteElo "1979"]
[BlackElo "2079"]
[PlyCount "111"]
[EventDate "2025.08.13"]
[EventType "swiss"]
[EventRounds "9"]
[EventCountry "ENG"]
[SourceTitle "BritBase"]
[Source "John Saunders"]
[SourceDate "2025.08.18"]
[SourceVersion "1"]
[SourceVersionDate "2025.08.18"]
[SourceQuality "1"]

1. d4 Nf6 2. c4 c5 3. Nf3 g6 4. g3 Bg7 5. Bg2 cxd4 6. Nxd4 O-O 7. Nc3 Nc6 8. O-O Qb6 9. Nb3 d6 10. Be3 Qb4 11. c5 Be6 12. cxd6 Rfd8 13. Bc5 Qg4 14. Bf3 Qh3 15. Bg2 Qh5 16. Ba3 Ng4 17. h3 Nge5 18. e3 Qh6 19. Nd5 exd6 20. Nf4 Bc4 21. Re1 g5 22. Nd5 Nd3 23. Re2 Rac8 24. Rd2 Nde5 25. Rc1 b5 26. Nd4 Bxd5 27. Bxd5 Nxd4 28. Rxc8 Rxc8 29. exd4 Ng6 30. Qg4 Ne7 31. Bb3 Rc7 32. Qf3 Nc8 33. Rc2 g4 34. hxg4 Re7 35. Rxc8+ Bf8 36. Qd1 a5 37. g5 Qg6 38. Bc2 Qe6 39. Qd3 Qh3 40. Rxf8+ Kg7 41. Qxh7+ Qxh7 42. Bxh7 b4 43. Rb8 bxa3 44. Bf5 Re1+ 45. Kg2 Rd1 46. Rb3 axb2 47. Rxb2 Rxd4 48. Rb5 Ra4 49. Rb7 Rxa2 50. g6 a4 51. Rxf7+ Kg8 52. Ra7 d5 53. Be6+ Kh8 54. g7+ Kh7 55. g8=Q+ Kh6 56. Rh7# 1-0

[Event "Mindsports Open 5th"]
[Site "London"]
[Date "2025.08.16"]
[Round "5.33"]
[White "Bevis, Noah"]
[Black "Sachdeva, Ronit"]
[Result "1/2-1/2"]
[WhiteElo "1966"]
[BlackElo "2058"]
[PlyCount "60"]
[EventDate "2025.08.13"]
[EventType "swiss"]
[EventRounds "9"]
[EventCountry "ENG"]
[SourceTitle "BritBase"]
[Source "John Saunders"]
[SourceDate "2025.08.18"]
[SourceVersion "1"]
[SourceVersionDate "2025.08.18"]
[SourceQuality "1"]

1. d4 d5 2. Bf4 c5 3. e3 Nc6 4. c3 Qb6 5. Qc2 g6 6. Nd2 Bg7 7. Ngf3 Nf6 8. h3 O-O 9. Be2 Bf5 10. Qb3 c4 11. Qxb6 axb6 12. g4 Bc8 13. Ne5 b5 14. Bf3 Rd8 15. a3 e6 16. Ke2 Ne8 17. Nxc6 bxc6 18. g5 e5 19. Bxe5 Bxe5 20. dxe5 Nc7 21. Bg4 Na6 22. f4 Nc5 23. Bxc8 Rdxc8 24. h4 Nd3 25. Rab1 Rab8 26. h5 c5 27. hxg6 hxg6 28. Nf3 Kf8 29. Ne1 Nxe1 30. Rbxe1 Ke7 1/2-1/2

[Event "Mindsports Open 5th"]
[Site "London"]
[Date "2025.08.16"]
[Round "5.34"]
[White "Dasgupta, Avyukt"]
[Black "Zhou, Yang-Fan"]
[Result "0-1"]
[WhiteElo "2158"]
[BlackElo "2406"]
[PlyCount "209"]
[EventDate "2025.08.13"]
[EventType "swiss"]
[EventRounds "9"]
[EventCountry "ENG"]
[SourceTitle "BritBase"]
[Source "John Saunders"]
[SourceDate "2025.08.18"]
[SourceVersion "1"]
[SourceVersionDate "2025.08.18"]
[SourceQuality "1"]

1. d4 Nf6 2. Bg5 d5 3. e3 c5 4. Bxf6 gxf6 5. dxc5 e6 6. Nf3 Bxc5 7. Be2 O-O 8. O-O Be7 9. c4 dxc4 10. Qa4 Qb6 11. Nbd2 Qc6 12. Qxc4 Qxc4 13. Nxc4 Nc6 14. Rfd1 e5 15. Nd6 Bxd6 16. Rxd6 Be6 17. Bb5 Rfd8 18. Rxd8+ {(=)} Nxd8 19. a3 Rc8 20. Bd3 h6 21. Kf1 Kf8 22. Ke1 Ke7 23. Nh4 Rc7 24. h3 {(=)} b6 25. Nf3 Nb7 26. Ke2 Nd6 27. Nd2 Rc8 28. g4 h5 29. gxh5 Rh8 30. Rc1 Kd7 31. Ne4 Nxe4 32. Bxe4 Rxh5 33. Rd1+ Kc7 34. Rc1+ Kb8 35. Rd1 {(=)} Kc7 36. Rc1+ Kb8 37. Rd1 Rh8 38. h4 Rxh4 39. Bd5 Bxd5 40. Rxd5 Kc7 41. Rd1 Rc4 42. Kd3 Rc6 43. Rh1 Kd6 44. Rh8 Rc7 45. e4 Rd7 46. Kc4 Rc7+ 47. Kd3 Ke7 48. f3 f5 49. Rh5 fxe4+ 50. Kxe4 Rc4+ 51. Kd5 Rc5+ 52. Ke4 Ke6 53. Rh6+ f6 54. Rh7 a5 55. Rb7 Rb5 56. b4 axb4 57. a4 b3 58. axb5 b2 59. Rxb6+ Ke7 60. Rb7+ Kd8 61. Kf5 b1=Q+ 62. Kxf6 e4 63. fxe4 Qxe4 64. Rf7 Qb4 65. Kg5 Qxb5+ 66. Rf5 Qe2 67. Kf4 Kd7 68. Re5 Qd3 69. Re3 Qd2 70. Ke4 Ke6 71. Rd3 Qb2 72. Re3 Qb4+ 73. Kf3+ Kf5 74. Ke2 Qc4+ 75. Kd2 Kf4 76. Rc3 Qb4 77. Kd3 Ke5 78. Rc4 Qb2 79. Rc5+ Kd6 80. Rc2 Qb1 81. Kc3 Kd5 82. Rd2+ Kc5 83. Rc2 Qb4+ 84. Kd3+ Kd5 85. Rd2 Qb3+ 86. Ke2+ Ke4 87. Ke1 Qc4 88. Kf2 Kf4 89. Re2 Qc3 90. Kf1 Qc1+ 91. Kg2 Qd1 92. Rf2+ Ke3 93. Rf1 Qg4+ 94. Kh2 Ke2 95. Rg1 Qh5+ 96. Kg3 Qe5+ 97. Kg2 Qe4+ 98. Kg3 Qh7 99. Rg2+ Ke3 100. Kg4 Qe4+ 101. Kg3 Qd5 102. Kh2 Kf3 103. Kg1 Qd1+ 104. Kh2 Qe1 105. Kh3 0-1

[Event "Mindsports Open 5th"]
[Site "London"]
[Date "2025.08.16"]
[Round "5.35"]
[White "Bin-Suhayl, Ieysaa"]
[Black "Kolani, Arjun"]
[Result "1-0"]
[WhiteElo "2217"]
[BlackElo "2118"]
[PlyCount "51"]
[EventDate "2025.08.13"]
[EventType "swiss"]
[EventRounds "9"]
[EventCountry "ENG"]
[SourceTitle "BritBase"]
[Source "John Saunders"]
[SourceDate "2025.08.18"]
[SourceVersion "1"]
[SourceVersionDate "2025.08.18"]
[SourceQuality "1"]

1. d4 Nf6 2. c4 g6 3. Nc3 d5 4. cxd5 Nxd5 5. e4 Nxc3 6. bxc3 Bg7 7. Nf3 c5 8. Be3 Qa5 9. Qd2 O-O 10. Rc1 Bg4 11. d5 b5 12. Bxc5 Rc8 13. Bd4 Bxf3 14. gxf3 Bxd4 15. Qxd4 Qa3 16. Rc2 b4 17. Bc4 Nd7 18. O-O Rab8 19. Rfc1 a5 20. h4 h5 21. d6 bxc3 22. Rxc3 Qxd6 23. Qxd6 exd6 24. Bxf7+ Kxf7 25. Rxc8 Rb2 26. R1c7 1-0

[Event "Mindsports Open 5th"]
[Site "London"]
[Date "2025.08.16"]
[Round "5.36"]
[White "Hng, Mei-Xian Eunice"]
[Black "Rahman, K Azizur"]
[Result "1/2-1/2"]
[WhiteElo "2052"]
[BlackElo "1921"]
[PlyCount "142"]
[EventDate "2025.08.13"]
[EventType "swiss"]
[EventRounds "9"]
[EventCountry "ENG"]
[SourceTitle "BritBase"]
[Source "John Saunders"]
[SourceDate "2025.08.18"]
[SourceVersion "1"]
[SourceVersionDate "2025.08.18"]
[SourceQuality "1"]

1. e4 c6 2. d4 d5 3. e5 Bf5 4. h4 h5 5. c4 e6 6. Nc3 Nd7 7. Nf3 dxc4 8. Bxc4 Nb6 9. Bd3 Bxd3 10. Qxd3 Nh6 11. Bg5 Be7 12. Ne4 Nf5 13. O-O O-O 14. g3 Rc8 15. Rfd1 Qd7 16. Bxe7 Qxe7 17. Nfg5 f6 18. Nxe6 Qxe6 19. Nc5 Qe7 20. Qxf5 fxe5 21. Qxe5 Qf7 22. Qe6 Nd5 23. Re1 Kh7 24. Qxf7 Rxf7 25. Ne4 Rd7 26. Ng5+ Kg6 27. Rad1 Rd6 28. Re5 Rcd8 29. Rde1 Nf6 30. Re7 R8d7 31. Nf3 Ng4 32. R1e6+ Kf5 33. Rxd7 Rxd7 34. Re2 g6 35. Kf1 b6 36. Ke1 a5 37. Kd2 Rd5 38. Kc3 b5 39. a3 c5 40. dxc5 Rxc5+ 41. Kd4 Rc4+ 42. Kd3 Rc5 43. Nd4+ Kf6 44. f4 b4 45. axb4 axb4 46. Re6+ Kf7 47. Rb6 Nf2+ 48. Ke2 Ne4 49. Kf3 Nd2+ 50. Kg2 Rc4 51. Nc6 Rc2 52. Ne5+ Ke8 53. Rxb4 Nc4+ 54. Kf3 Nxb2 55. Nxg6 Rc3+ 56. Kg2 Rc2+ 57. Kh3 Nd3 58. Re4+ Kf7 59. Ne5+ Nxe5 60. Rxe5 Kg6 61. Re6+ Kg7 62. Re3 Rf2 63. Re5 Kh6 64. Rg5 Rb2 65. Rg8 Rf2 66. g4 Rf3+ 67. Kg2 Rxf4 68. Rh8+ Kg7 69. Rxh5 Rxg4+ 70. Kh3 Ra4 71. Rg5+ Kh6 1/2-1/2

[Event "Mindsports Open 5th"]
[Site "London"]
[Date "2025.08.16"]
[Round "5.37"]
[White "Bharat Kumar, Balahari"]
[Black "Oleszczuk, Artur"]
[Result "1-0"]
[WhiteElo "2052"]
[BlackElo "1868"]
[PlyCount "63"]
[EventDate "2025.08.13"]
[EventType "swiss"]
[EventRounds "9"]
[EventCountry "ENG"]
[SourceTitle "BritBase"]
[Source "John Saunders"]
[SourceDate "2025.08.18"]
[SourceVersion "1"]
[SourceVersionDate "2025.08.18"]
[SourceQuality "1"]

1. d4 Nf6 2. c4 b6 3. Nc3 Bb7 4. d5 e6 5. a3 Bd6 6. Nf3 O-O 7. g3 exd5 8. cxd5 c6 9. Bg2 Re8 10. O-O h6 11. Nd4 Bf8 12. Bf4 c5 13. Nf5 d6 14. e4 a6 15. a4 Kh7 16. g4 g6 17. Ng3 Nbd7 18. h4 c4 19. g5 Ng8 20. e5 dxe5 21. Bc1 hxg5 22. Bxg5 Be7 23. f4 f6 24. f5 Bc5+ 25. Kh1 Ne7 26. fxg6+ Kg7 27. Nh5+ Kxg6 28. Bxf6 Rg8 29. Qg4+ Kh7 30. Be4+ Kh6 31. Bg5+ Rxg5 32. hxg5# 1-0

[Event "Mindsports Open 5th"]
[Site "London"]
[Date "2025.08.16"]
[Round "5.38"]
[White "Larchikov, Maksym"]
[Black "White, Chris"]
[Result "1-0"]
[WhiteElo "2037"]
[BlackElo "1817"]
[PlyCount "65"]
[EventDate "2025.08.13"]
[EventType "swiss"]
[EventRounds "9"]
[EventCountry "ENG"]
[SourceTitle "BritBase"]
[Source "John Saunders"]
[SourceDate "2025.08.18"]
[SourceVersion "1"]
[SourceVersionDate "2025.08.18"]
[SourceQuality "1"]

1. d4 c5 2. d5 g6 3. g3 d6 4. Bg2 Bg7 5. Nf3 Nf6 6. O-O O-O 7. c4 b5 8. cxb5 a6 9. bxa6 Nbd7 10. Nc3 Nb6 11. Re1 Bxa6 12. Nd2 Ng4 13. Qc2 Qc7 14. b3 Rfb8 15. Bb2 Ne5 16. h3 c4 17. b4 Rc8 18. Rec1 Qd7 19. f4 Nd3 20. exd3 cxd3 21. Qd1 Ra7 22. b5 Bb7 23. Kh2 Ba8 24. a4 Rac7 25. a5 Nc4 26. Nxc4 Rxc4 27. Qxd3 Rb4 28. Rab1 Qa7 29. Nd1 Rxc1 30. Bxc1 Rd4 31. Be3 Rxd3 32. Bxa7 Rd2 33. Be3 1-0

[Event "Mindsports Open 5th"]
[Site "London"]
[Date "2025.08.16"]
[Round "5.39"]
[White "Steiners, Emils"]
[Black "Shidlagatta, Anirudh"]
[Result "1/2-1/2"]
[WhiteElo "1933"]
[BlackElo "2036"]
[PlyCount "129"]
[EventDate "2025.08.13"]
[EventType "swiss"]
[EventRounds "9"]
[EventCountry "ENG"]
[SourceTitle "BritBase"]
[Source "John Saunders"]
[SourceDate "2025.08.18"]
[SourceVersion "1"]
[SourceVersionDate "2025.08.18"]
[SourceQuality "1"]

1. d4 d5 2. c4 c6 3. Nf3 Nf6 4. Qb3 dxc4 5. Qxc4 Bf5 6. Nc3 e6 7. Bg5 Be7 8. e3 Nbd7 9. Be2 h6 10. Bh4 O-O 11. O-O Rc8 12. b4 g5 13. Bg3 Nd5 14. a3 a5 15. Nxd5 exd5 16. Qb3 Qb6 17. Bd3 Be6 18. Rab1 axb4 19. axb4 Nf6 20. Ne5 Ng4 21. Qc2 Bf6 22. Bf5 Nxe5 23. Bxe6 fxe6 24. dxe5 Bg7 25. Qg6 Rce8 26. h4 gxh4 27. Bf4 Qc7 28. Qg4 Kh7 29. Qxh4 Qf7 30. g4 Qg6 31. Kg2 Bxe5 32. Bxe5 Qe4+ 33. f3 Qxe5 34. Rbe1 Qg5 35. Qg3 e5 36. Rh1 Rg8 37. Rh4 d4 38. exd4 exd4 39. Rxe8 Rxe8 40. Kh3 Qe5 41. g5 Qf5+ 42. Qg4 Qxg4+ 43. Kxg4 Re6 44. f4 d3 45. Rh1 d2 46. Rd1 Rd6 47. gxh6 Kxh6 48. Kf5 Kg7 49. Ke5 Rd5+ 50. Ke6 Rd3 51. f5 b6 52. Ke7 Re3+ 53. Kd6 Re2 54. Kxc6 Kf6 55. Kxb6 Kxf5 56. b5 Ke4 57. Kc6 Kd3 58. b6 Kc2 59. Rxd2+ Kxd2 60. b7 Re8 61. Kc7 Re7+ 62. Kc8 Re8+ 63. Kc7 Kc3 64. b8=Q Rxb8 65. Kxb8 1/2-1/2

[Event "Mindsports Open 5th"]
[Site "London"]
[Date "2025.08.16"]
[Round "5.40"]
[White "Verbytski, Oleg"]
[Black "Leung, Hao Ran"]
[Result "1-0"]
[WhiteElo "2001"]
[BlackElo "1915"]
[PlyCount "77"]
[EventDate "2025.08.13"]
[EventType "swiss"]
[EventRounds "9"]
[EventCountry "ENG"]
[SourceTitle "BritBase"]
[Source "John Saunders"]
[SourceDate "2025.08.18"]
[SourceVersion "1"]
[SourceVersionDate "2025.08.18"]
[SourceQuality "1"]

1. e4 c6 2. d4 d5 3. Nc3 dxe4 4. Nxe4 Bf5 5. Ng3 Bg6 6. h4 h6 7. Nf3 Nd7 8. h5 Bh7 9. Bd3 Bxd3 10. Qxd3 Ngf6 11. Bd2 e6 12. O-O-O Be7 13. Qe2 O-O 14. Nf1 Qb6 15. g4 Qa6 16. Qxa6 bxa6 17. Rg1 Rfe8 18. Ne5 c5 19. Nxd7 Nxd7 20. Be3 cxd4 21. Bxd4 e5 22. Be3 Nb6 23. Ng3 Nc4 24. Nf5 Nxe3 25. Nxe7+ Rxe7 26. fxe3 Rb7 27. Rd5 Rab8 28. b3 Rb5 29. Rgd1 a5 30. c4 Rxd5 31. Rxd5 a4 32. Kc2 axb3+ 33. axb3 f6 34. Rd7 a6 35. Ra7 Rb6 36. Kc3 Rd6 37. c5 Rd1 38. Kc2 Rg1 39. c6 1-0

[Event "Mindsports Open 5th"]
[Site "London"]
[Date "2025.08.16"]
[Round "5.42"]
[White "White, Stuart A"]
[Black "Kilambi, Venkata Ananth Aksh"]
[Result "1/2-1/2"]
[WhiteElo "2095"]
[BlackElo "1936"]
[PlyCount "62"]
[EventDate "2025.08.13"]
[EventType "swiss"]
[EventRounds "9"]
[EventCountry "ENG"]
[SourceTitle "BritBase"]
[Source "John Saunders"]
[SourceDate "2025.08.18"]
[SourceVersion "1"]
[SourceVersionDate "2025.08.18"]
[SourceQuality "1"]

1. c4 e6 2. Nc3 d5 3. d4 h6 4. Nf3 Nf6 5. Bf4 Bd6 6. Bxd6 Qxd6 7. c5 Qe7 8. Ne5 Nbd7 9. f4 c6 10. e3 Nxe5 11. fxe5 Nd7 12. Bd3 O-O 13. Qg4 b6 14. cxb6 axb6 15. O-O Ba6 16. Bxa6 Rxa6 17. e4 Qb4 18. exd5 Nxe5 19. Qe2 Nc4 20. dxe6 Ra7 21. a3 Nxa3 22. exf7+ Kh8 23. Rxa3 Rxa3 24. bxa3 Qxd4+ 25. Qf2 Qxc3 26. Qxb6 Qxa3 27. h3 Qe7 28. Qb3 Qc5+ 29. Kh1 Qd5 30. Qb7 Qb5 31. Qxb5 c5 1/2-1/2

[Event "Mindsports Open 5th"]
[Site "London"]
[Date "2025.08.16"]
[Round "5.43"]
[White "Kovacs, Zoltan"]
[Black "Golub, Nikolina"]
[Result "1-0"]
[WhiteElo "2086"]
[BlackElo "1933"]
[PlyCount "81"]
[EventDate "2025.08.13"]
[EventType "swiss"]
[EventRounds "9"]
[EventCountry "ENG"]
[SourceTitle "BritBase"]
[Source "John Saunders"]
[SourceDate "2025.08.18"]
[SourceVersion "1"]
[SourceVersionDate "2025.08.18"]
[SourceQuality "1"]

1. d4 e6 2. e4 d5 3. Nc3 Nf6 4. exd5 exd5 5. Bd3 Bd6 6. Nge2 c6 7. Bg5 O-O 8. Qd2 Nbd7 9. O-O-O b5 10. Ng3 b4 11. Nce2 Qa5 12. Kb1 Ba6 13. Nf5 Bxd3 14. cxd3 Qc7 15. Bxf6 Nxf6 16. Nxg7 Kxg7 17. Qg5+ Kh8 18. Qxf6+ Kg8 19. Qg5+ Kh8 20. Qf6+ Kg8 21. Ng3 Qe7 22. Qf3 Bxg3 23. Qxg3+ Kh8 24. Rhe1 Qb7 25. Re3 Rae8 26. Rde1 Rxe3 27. Rxe3 f6 28. Qd6 Qb8 29. Qe7 Qd8 30. Qxa7 Rg8 31. Qf7 Qf8 32. Qxf8 Rxf8 33. Re7 Rg8 34. g3 Rg4 35. f4 h5 36. Rf7 h4 37. Rxf6 hxg3 38. hxg3 Rxg3 39. Kc2 Kg7 40. Rxc6 Rf3 41. Rd6 1-0

[Event "Mindsports Open 5th"]
[Site "London"]
[Date "2025.08.16"]
[Round "5.44"]
[White "Avadhoot, Lokesh Bhakti Brahm"]
[Black "Fil, Alkim Alper"]
[Result "1-0"]
[WhiteElo "2049"]
[BlackElo "1900"]
[PlyCount "85"]
[EventDate "2025.08.13"]
[EventType "swiss"]
[EventRounds "9"]
[EventCountry "ENG"]
[SourceTitle "BritBase"]
[Source "John Saunders"]
[SourceDate "2025.08.18"]
[SourceVersion "1"]
[SourceVersionDate "2025.08.18"]
[SourceQuality "1"]

1. e4 c5 2. Nf3 a6 3. c4 Nc6 4. d4 cxd4 5. Nxd4 e5 6. Nf5 d5 7. cxd5 Bxf5 8. exf5 Nd4 9. Nc3 Nf6 10. g4 h5 11. g5 Nxd5 12. Bg2 Bb4 13. Bd2 Nf4 14. Bxf4 exf4 15. O-O f3 16. Qa4+ b5 17. Rfe1+ Ne6 18. Qd1 fxg2 19. fxe6 O-O 20. Qxh5 Qb6 21. Nd5 Qc5 22. Nxb4 fxe6 23. Nd3 Qf5 24. Qe2 Rad8 25. Rad1 Rd6 26. Qe5 Rfd8 27. Qxf5 exf5 28. Re3 Rc8 29. Re2 f4 30. f3 Rcd8 31. Red2 Rd5 32. h4 g6 33. Kxg2 Kg7 34. Kf2 Rh8 35. Nxf4 Rxd2+ 36. Rxd2 Rxh4 37. Rd7+ Kg8 38. Nxg6 Rh2+ 39. Kg3 Rxb2 40. f4 Rxa2 41. f5 Ra1 42. f6 Rf1 43. Rg7# 1-0

[Event "Mindsports Open 5th"]
[Site "London"]
[Date "2025.08.16"]
[Round "5.45"]
[White "Patel, Zain"]
[Black "Li, Harvey"]
[Result "1-0"]
[WhiteElo "2048"]
[BlackElo "1870"]
[PlyCount "69"]
[EventDate "2025.08.13"]
[EventType "swiss"]
[EventRounds "9"]
[EventCountry "ENG"]
[SourceTitle "BritBase"]
[Source "John Saunders"]
[SourceDate "2025.08.18"]
[SourceVersion "1"]
[SourceVersionDate "2025.08.18"]
[SourceQuality "1"]

1. Nf3 e6 2. d4 Nf6 3. e3 b6 4. Bd3 Bb7 5. O-O d5 6. b3 Bd6 7. Bb2 Nbd7 8. Nbd2 Ne4 9. c4 Qe7 10. Qc2 f5 11. Ne5 Rd8 12. Rac1 Nxd2 13. Qxd2 Bxe5 14. dxe5 c5 15. cxd5 Bxd5 16. f4 O-O 17. Qe2 Nb8 18. Rfd1 Qb7 19. Rd2 Nc6 20. Rcd1 Ne7 21. Bb1 Ng6 22. Qf2 Qa8 23. g3 Nh8 24. g4 g6 25. Qh4 Nf7 26. gxf5 gxf5 27. Kf2 Nh8 28. Qg5+ Ng6 29. h4 Kh8 30. h5 Rd7 31. hxg6 Rg7 32. Rxd5 Rxg6 33. Rd8 Qb7 34. Rxf8+ Kg7 35. Rfd8 1-0

[Event "Mindsports Open 5th"]
[Site "London"]
[Date "2025.08.16"]
[Round "5.46"]
[White "Ding, Yiwen"]
[Black "Lee, Kah Meng Elgin"]
[Result "1/2-1/2"]
[WhiteElo "1844"]
[BlackElo "2036"]
[PlyCount "30"]
[EventDate "2025.08.13"]
[EventType "swiss"]
[EventRounds "9"]
[EventCountry "ENG"]
[SourceTitle "BritBase"]
[Source "John Saunders"]
[SourceDate "2025.08.18"]
[SourceVersion "1"]
[SourceVersionDate "2025.08.18"]
[SourceQuality "1"]

1. d4 f5 2. c4 Nf6 3. g3 d6 4. Bg2 g6 5. Nh3 Bg7 6. O-O O-O 7. b3 c6 8. Bb2 Na6 9. Nf4 g5 10. Nd3 Qe8 11. Nd2 Qg6 12. f3 Qh6 13. e4 fxe4 14. Nxe4 Nxe4 15. fxe4 Bh3 1/2-1/2